Statistics for "Union" Football Clubs

Click here to take the quiz!

General Stats

  • This quiz has been taken 31 times
    (22 since last reset)
  • The average score is 5 of 11

Answer Stats

HintAnswer% Correct
Berlin, GermanyUnion {Berlin}
93%
Philadelphia, United States{Philadelphia} Union
79%
Omaha, NebraskaUnion {Omaha}
64%
Brussels, BelgiumUnion {Saint-Gilloise}
57%
Santa Fe, ArgentinaUnión de {Santa Fe}
50%
Sunchales, ArgentinaUnión de {Sunchales}
36%
Irun, Spain{Real} Unión
29%
Trujillo, HondurasUnión {Ájax}
14%
Mar del Plata, ArgentinaUnión de {Mar del Plata}
14%
Santiago, ChileUnión {Española}
14%
Cerro de Pasco, PeruUnión {Minas}
14%

Score Distribution

Percentile by Number Answered

Percent of People with Each Score

Your Score History

You have not taken this quiz since the last reset